00410nam a2200145Ia 4500003000500000008004100005020001300046040001900059082000700078100004400085245006800129260004700197300000800244546001200252STCL181203s9999 xx 000 0 und d a09714731 aSTCLbENcSTCL 222 aVieira, Patricia; Marder, Michael, Eds. 0aJournal of Contemporary Thought: Special Number: Utopias Today! bForum on Contemporary TheoryaBarodac2010 a225 aEnglish